000 00589nam a2200205 i 4500
001 bgj
100 1 _aGARTON-SPRENGER, Judy
245 1 0 _aInspiration /
_cJudy Garton-Sprenger, Philip Prowse.
260 _aLondon :
_bMacmillan,
_cc. 2005.
300 _acompact disc :
_btotal time 57'15''.
650 9 _aEnglish language
_xSecondary schools
_xA1
_xA2
655 _aTextbooks for foreigners
700 1 _aPROWSE, Philip.
_eco-author
020 _a1405029390
040 _cBPK
041 0 _aeng
920 _a1-4050-2939-0
942 _cCD
008 s uk f |000 0 eng
999 _c41232
_d41232